Perspektívy európskej migračnej politiky po migračnej vlne 2015
Druhá časť článku nadväzuje na prijaté opatrenia Európskej únie, ktoré boli popísané v prvej časti. Návrh bodového systému a jeho implementácia do európskej migračnej politiky a stabilizácia rizikových regiónov, odkiaľ prichádza najväčší počet migrantov. Analýza možných predikcií európskej migračnej...
Gespeichert in:
| 1. Verfasser: | |
|---|---|
| Format: | Buchkapitel |
| Sprache: | Slowakisch |
| Schlagworte: | |
| Tags: |
Keine Tags, Fügen Sie das erste Tag hinzu!
|
MARC
| LEADER | 00000naa a2200000 4500 | ||
|---|---|---|---|
| 001 | 0283503 | ||
| 005 | 20240417075204.4 | ||
| 041 | 0 | |a slo | |
| 044 | |a SK | ||
| 245 | 1 | 0 | |a Perspektívy európskej migračnej politiky po migračnej vlne 2015 |c Ľuboš Markovič |
| 520 | |a Druhá časť článku nadväzuje na prijaté opatrenia Európskej únie, ktoré boli popísané v prvej časti. Návrh bodového systému a jeho implementácia do európskej migračnej politiky a stabilizácia rizikových regiónov, odkiaľ prichádza najväčší počet migrantov. Analýza možných predikcií európskej migračnej politiky po migračnej vlne v roku 2015. Možný scenár európskej migračnej politiky na základe rozboru prijatých opatrení proti zastaveniu neregulovaného prílivu imigrantov na územie Európskej únie a rozboru vyjadrení jej hlavných politických predstaviteľov a európskych lídrov. | ||
| 610 | 2 | 0 | |a politika migračná |
| 610 | 2 | 0 | |a migrácia |
| 610 | 2 | 0 | |a Európska únia |
| 610 | 2 | 0 | |a Líbya |
| 610 | 2 | 0 | |a Sýria |
| 100 | 1 | |a Markovič, Ľuboš | |